000 00404nam a22001577a 4500
005 20250327112548.0
008 250327b |||||||| |||| 00| 0 eng d
020 _a8122005349
050 _aHF1411
_bDWI
100 _aDwivedi, D.N.
245 _aInternational economics
260 _aNew Delhi
_bKonark Publishers Pvt Ltd.
_cc1999
300 _axiv, 366p
500 _asubject index
942 _2lcc
_cBK
_n0
999 _c5250
_d5250